The wine of life, and other essays on societies, energy & living things / (Record no. 188511)

000 -LEADER
fixed length control field 01116 a2200205 4500
003 - CONTROL NUMBER IDENTIFIER
control field Nust
005 - DATE AND TIME OF LATEST TRANSACTION
control field 20221013113545.0
010 ## - LIBRARY OF CONGRESS CONTROL NUMBER
LC control number 79016404
020 ## - INTERNATIONAL STANDARD BOOK NUMBER
International Standard Book Number 0312882270 :
040 ## - CATALOGING SOURCE
Transcribing agency Nust
082 00 - DEWEY DECIMAL CLASSIFICATION NUMBER
Classification number 574,MOR
100 1# - MAIN ENTRY--PERSONAL NAME
Personal name Morowitz, Harold J.
9 (RLIN) 100101
245 14 - TITLE STATEMENT
Title The wine of life, and other essays on societies, energy & living things /
Statement of responsibility, etc. Harold J. Morowitz.
260 ## - PUBLICATION, DISTRIBUTION, ETC.
Place of publication, distribution, etc. New York :
Name of publisher, distributor, etc. St. Martin's Press,
Date of publication, distribution, etc. c1979.
300 ## - PHYSICAL DESCRIPTION
Extent 265 p. ;
Dimensions 22 cm.
505 ## - FORMATTED CONTENTS NOTE
Formatted contents note Part-1: The Six Million Dollar Man – Science and Humanism (Page-3), Part-2: Christ Clausius and Corrosion –Some Thermal Under thoughts (Page-43), Part- 3: Bulls Bears and Bacteria Looking at Flora and Fauna (Page-73), Part-4: Zen and the Art of Getting into Medical School Comments on Education Research and Medicine (Page-115), Part-5: The Crazy Hairy Naked Ape Reflections on Social Animals (Page-155), Part-6: The Wine of Life Poring Over Ideas (Page-195), Part-7: Drinking Hemlock and Other Nutritional Matters Thoughts on what we Know (Page-231).
650 #0 - SUBJECT ADDED ENTRY--TOPICAL TERM
Topical term or geographic name entry element Biology.
9 (RLIN) 1785
650 #0 - SUBJECT ADDED ENTRY--TOPICAL TERM
Topical term or geographic name entry element Social history.
9 (RLIN) 33505
942 ## - ADDED ENTRY ELEMENTS (KOHA)
Source of classification or shelving scheme
Koha item type Book
Holdings
Withdrawn status Lost status Source of classification or shelving scheme Damaged status Not for loan Permanent Location Current Location Shelving location Date acquired Full call number Barcode Date last seen Price effective from Koha item type Public note
          Military College of Signals (MCS) Military College of Signals (MCS) General Stacks 12/12/2016 574,MOR MCS5012 12/08/2016 12/12/2016 Book Almirah No.25, Shelf No.6
© 2023 Central Library, National University of Sciences and Technology. All Rights Reserved.